[Event "Cappelle op 39th"]
[Site "Cappelle la Grande"]
[Date "2023.02.18"]
[Round "1"]
[White "Zwirs, Nico"]
[Black "Garrigue, Julian"]
[Result "1-0"]
[WhiteElo "2460"]
[BlackElo "2131"]
[PlyCount "51"]
[EventDate "2023.02.18"]
[EventType "swiss"]
[EventRounds "9"]
[EventCountry "FRA"]
[SourceTitle "CBM 213 Extra"]
[Source "ChessBase"]
[SourceDate "2023.05.31"]
[SourceVersion "1"]
[SourceVersionDate "2023.05.31"]
[SourceQuality "1"]

1. e4 e5 2. Nf3 Nf6 3. d4 Nxe4 4. Bd3 d5 5. Nxe5 Nd7 6. Nc3 Nxc3 7. bxc3 Bd6 8. 0-0 0-0 9. f4 Nf6 10. Be3 b6 11. Qf3 Bb7 12. Rad1 Qe7 13. Qh3 h6 14. Rde1 c5 15. f5 c4 16. Bxh6 cxd3 17. Ng4 gxh6 18. Rxe7 Bxe7 19. cxd3 Bc8 20. Nxf6+ Bxf6 21. Qg3+ Kh7 22. Qd6 Kg7 23. Rf3 Bg5 24. f6+ Kg8 25. Rg3 Be6 26. h4 1-0

[Event "Cappelle Online Blitz op 1st"]
[Site "Europe Echecs INT"]
[Date "2021.01.10"]
[Round "10"]
[White "Ghita, Vlad Bogdan"]
[Black "Garrigue, Julian"]
[Result "1-0"]
[WhiteElo "1742"]
[BlackElo "1983"]
[PlyCount "67"]
[EventDate "2021.01.10"]
[EventType "swiss (blitz)"]
[EventRounds "11"]
[EventCountry "FRA"]
[SourceTitle "CBM 200 Extra"]
[Source "ChessBase"]
[SourceDate "2021.03.31"]
[SourceVersion "1"]
[SourceVersionDate "2021.03.31"]
[SourceQuality "1"]

1. e4 e5 2. Nc3 Nf6 3. f4 d5 4. fxe5 Nxe4 5. d3 Qh4+ 6. g3 Nxg3 7. Nf3 Qh5 8. Nxd5 Nxh1 9. Nxc7+ Kd8 10. Nxa8 Bg4 11. Bg2 Bc5 12. d4 Bb6 13. Be3 Bxf3 14. Qxf3 Qh4+ 15. Kf1 Nc6 16. Bxh1 Qxh2 17. Nxb6 axb6 18. Qd5+ Kc7 19. Qd6+ Kc8 20. Bxc6 bxc6 21. Qxc6+ Kd8 22. Qa8+ Ke7 23. Qxh8 Qh1+ 24. Ke2 Qg2+ 25. Kd3 Qg6+ 26. Ke2 Qxc2+ 27. Ke1 Qh2 28. Qxg7 Qh1+ 29. Ke2 Qxa1 30. Bg5+ Ke6 31. Qf6+ Kd5 32. Qd6+ Kc4 33. Qc6+ Kb4 34. Bd2# 1-0